| 000 | 00643nam a2200157 4500 | ||
|---|---|---|---|
| 999 |
_c11235 _d11235 |
||
| 008 | 181019b ||||| |||| 00| 0 eng d | ||
| 022 | _a0746-8342 | ||
| 082 | _aDPer 510.5 C697 Jan 2012-Sept 2015 v. 43 & 46, n. 1-4 | ||
| 100 |
_932339 _aGlomski, Matthew. |
||
| 245 |
_aEradicating a disease: _blessons from mathematical epidemiology/ _cMatthew Glomski and Edward Ohanian. |
||
| 260 |
_aWashington D. C.: _bMathematical Association of America, _c©Jul 2012-Sept 2015. |
||
| 300 |
_av43 n2, pages 123-132: _billustrations; _c28 cm. |
||
| 650 | 0 |
_932340 _aMathematics _xEpidemiology. |
|
| 700 |
_932341 _aOhanian, Edward. _eAuthor |
||
| 942 |
_2ddc _cPER |
||